[Event "FIDE World Rapid Team"]
[Site "London ENG"]
[Date "2025.06.11"]
[Round "1.2"]
[White "Roberson, Peter T"]
[Black "Madan, Augustin"]
[Result "1/2-1/2"]
[WhiteTitle "IM"]
[BlackTitle "IM"]
[WhiteElo "2433"]
[BlackElo "2259"]
[WhiteTeam "Sharks 4NCL"]
[BlackTeam "Desert Penguins"]
[WhiteFideId "412384"]
[BlackFideId "1210327"]
[EventDate "2025.06.11"]
[EventType "team"]

1. e4 c6 2. d4 d5 3. exd5 cxd5 4. Bd3 Nc6 5. c3 g6 6. Nd2 Nf6 7. Ne2 Bf5 8. Nf3
Bxd3 9. Qxd3 Bg7 10. O-O O-O 11. Re1 e6 12. Bf4 a6 13. Nc1 Ne4 14. Qe2 Nd6 15.
Nd3 Ne4 16. a4 Rc8 17. h4 h5 18. g3 Qb6 19. Kg2 Rfe8 20. Ng5 Nxg5 21. hxg5 Na5
22. Be5 Nc4 23. Bxg7 Kxg7 24. Qf3 Qd8 25. Qf4 f6 26. gxf6+ Qxf6 27. b3 Na5 28.
b4 Nc4 29. Qxf6+ Kxf6 30. Nc5 Rc7 31. a5 g5 32. Rh1 Kg6 33. Rae1 Rce7 34. Re2 e5
35. dxe5 Nxe5 36. Rd1 g4 37. Rxd5 Nf3 38. Rxe7 Rxe7 39. Nd3 Kf6 40. c4 Rc7 41.
Nc5 Re7 42. Rxh5 Nd2 43. Rh6+ Kf5 44. Rh5+ Kf6 45. Nd3 Nxc4 46. Nf4 Rd7 47. Rc5
Ne5 48. Nd5+ Ke6 49. Ne3 Rd4 50. b5 Rb4 51. b6 Rb5 52. Rxb5 axb5 53. Nxg4 Nc6
54. Ne3 Nxa5 55. f4 b4 56. Kf3 b3 57. Nd1 Nc4 58. Ke4 b2 59. f5+ Kf6 60. Nc3
Nxb6 61. g4 Kg5 62. Kd3 Kxg4 63. f6 Nd7 64. f7 Kf5 65. Kc2 Ke5 1/2-1/2

[Event "FIDE World Rapid Team"]
[Site "London ENG"]
[Date "2025.06.11"]
[Round "1.3"]
[White "Bansal, Saahil"]
[Black "Rendle, Thomas E"]
[Result "0-1"]
[BlackTitle "IM"]
[WhiteElo "1979"]
[BlackElo "2370"]
[WhiteTeam "Desert Penguins"]
[BlackTeam "Sharks 4NCL"]
[WhiteFideId "438316"]
[BlackFideId "408760"]
[EventDate "2025.06.11"]
[EventType "team"]

1. d4 d5 2. c4 c6 3. Nc3 Nf6 4. Nf3 dxc4 5. a4 Bf5 6. e3 e6 7. Bxc4 Bb4 8. O-O
O-O 9. h3 Nbd7 10. Nh4 a5 11. Nxf5 exf5 12. Qc2 g6 13. b3 Rc8 14. Bb2 Nb6 15.
Be2 Qe7 16. Rac1 Rfe8 17. Bf3 Bd6 18. Rfd1 Bb8 19. Qe2 Qd6 20. g3 h5 21. h4 Qe6
22. d5 cxd5 23. Qb5 Rcd8 24. Qxa5 d4 25. exd4 f4 26. d5 Qf5 27. Qxb6 fxg3 28.
Kg2 Ng4 29. Bxg4 hxg4 30. Nb5 Qf3+ 31. Kg1 g2 32. Qf6 Bh2+ 33. Kxh2 Qh3+ 34. Kg1
Qh1# 0-1

[Event "FIDE World Rapid Team"]
[Site "London ENG"]
[Date "2025.06.11"]
[Round "1.4"]
[White "Moreby, James"]
[Black "Bharat Kumar, Balahari"]
[Result "1-0"]
[WhiteTitle "FM"]
[WhiteElo "2320"]
[BlackElo "2052"]
[WhiteTeam "Sharks 4NCL"]
[BlackTeam "Desert Penguins"]
[WhiteFideId "427756"]
[BlackFideId "496464"]
[EventDate "2025.06.11"]
[EventType "team"]

1. c4 Nf6 2. Nc3 e5 3. Nf3 Nc6 4. e4 g6 5. d4 exd4 6. Nxd4 d6 7. Be2 Bg7 8. Be3
O-O 9. O-O Re8 10. f3 Ne5 11. Qd2 c6 12. Rfd1 Qc7 13. Rac1 Be6 14. Nxe6 Rxe6 15.
h3 Rd8 16. b4 Ree8 17. f4 Ned7 18. Bf3 Nb6 19. Qe2 Qb8 20. a4 a6 21. Bxb6 Rd7
22. Qf2 h5 23. g4 hxg4 24. hxg4 Rde7 25. g5 Nd7 26. Bd4 Nf8 27. Bxg7 Kxg7 28.
Qd4+ Kg8 29. Bg4 Ne6 30. Bxe6 Rxe6 31. Kg2 c5 32. Qd3 Qc8 33. Nd5 Kf8 34. Qc3 f6
35. Nxf6 R8e7 36. Qh3 1-0

[Event "FIDE World Rapid Team"]
[Site "London ENG"]
[Date "2025.06.11"]
[Round "1.5"]
[White "Sedykh, Stakhey"]
[Black "Hryshchenko, Kamila"]
[Result "0-1"]
[BlackTitle "WFM"]
[WhiteElo "1756"]
[BlackElo "2097"]
[WhiteTeam "Desert Penguins"]
[BlackTeam "Sharks 4NCL"]
[WhiteFideId "453064"]
[BlackFideId "14147491"]
[EventDate "2025.06.11"]
[EventType "team"]

1. e4 d6 2. d4 Nf6 3. Nc3 Nbd7 4. Be3 e5 5. dxe5 Nxe5 6. h3 Be7 7. f4 Nc6 8. Nf3
O-O 9. Qd2 Re8 10. Bd3 Bf8 11. O-O-O a6 12. g4 b5 13. e5 Nd7 14. Ng5 g6 15. exd6
Bxd6 16. f5 Nde5 17. fxg6 hxg6 18. Rdf1 Bb4 19. Qf2 Qe7 20. Nce4 Kg7 21. a3 Bd6
22. Nf6 Nxd3+ 23. cxd3 Qxe3+ 24. Qxe3 Rxe3 25. Nfe4 f5 26. Kd2 Rxe4 27. dxe4 f4
28. Nf3 Be6 29. Rc1 Ne5 30. Ke2 Bc4+ 31. Kf2 Nd3+ 32. Kg2 Nxc1 33. Rxc1 Re8 34.
Re1 Be5 35. Nxe5 Rxe5 36. Kf3 g5 37. Rd1 Re7 38. Rd2 Bf7 39. h4 gxh4 40. Kxf4
Bg6 41. e5 Kf7 42. Rh2 Rd7 43. Rxh4 Rd4+ 44. Ke3 Re4+ 45. Kf3 Rxe5 46. Rh2 c5
47. Rd2 Ke6 48. Kf4 c4 49. Kf3 a5 50. Rd8 b4 51. axb4 axb4 52. Rc8 Bd3 53. Rb8
b3 54. Rb6+ Kd5 55. Rb5+ Kd4 56. Rb8 Re2 57. Rd8+ Kc5 58. Rc8+ Kd6 59. g5 Rxb2
60. Rd8+ Ke7 61. Rd4 Ra2 62. g6 Bxg6 63. Rxc4 b2 64. Rc7+ Kd6 0-1

[Event "FIDE World Rapid Team"]
[Site "London ENG"]
[Date "2025.06.11"]
[Round "1.6"]
[White "Morea, Georgiana-Steluta"]
[Black "Ding, Yihua"]
[Result "1-0"]
[WhiteElo "1920"]
[BlackElo "1536"]
[WhiteTeam "Sharks 4NCL"]
[BlackTeam "Desert Penguins"]
[WhiteFideId "1204319"]
[BlackFideId "495999"]
[EventDate "2025.06.11"]
[EventType "team"]

1. c4 Nf6 2. Nc3 e6 3. d4 Bb4 4. Nf3 O-O 5. e3 d6 6. Bd3 Nbd7 7. O-O c5 8. Qc2
h6 9. Ne2 cxd4 10. exd4 Ba5 11. a3 Bc7 12. b4 b6 13. Ng3 d5 14. c5 bxc5 15. bxc5
Bxg3 16. hxg3 Re8 17. Bf4 a5 18. Rab1 Ba6 19. c6 Bxd3 20. Qxd3 Nf8 21. Rfc1 Ng6
22. c7 Qe7 23. Rb7 Rac8 24. Be5 Nxe5 25. Nxe5 Ne4 26. Nc6 1-0

[Event "FIDE World Rapid Team"]
[Site "London ENG"]
[Date "2025.06.11"]
[Round "1.1"]
[White "Amartuvshin, Ganzorig"]
[Black "Momunaliev, Ruslan"]
[Result "1-0"]
[WhiteTitle "IM"]
[BlackTitle "CM"]
[WhiteElo "2430"]
[BlackElo "2214"]
[WhiteTeam "Mongolia-A"]
[BlackTeam "Youth KG"]
[WhiteFideId "4902548"]
[BlackFideId "13812211"]
[EventDate "2025.06.11"]
[EventType "team"]

1. d4 d5 2. c4 c6 3. Nc3 Nf6 4. e3 e6 5. Nf3 Nbd7 6. Qc2 Bd6 7. Bd3 O-O 8. O-O
dxc4 9. Bxc4 b5 10. Be2 Bb7 11. e4 e5 12. dxe5 Nxe5 13. Nh4 b4 14. Nf5 bxc3 15.
Rd1 Ne8 16. Qxc3 Qf6 17. Nxd6 Nxd6 18. f4 Rfe8 19. fxe5 Rxe5 20. Rf1 Nxe4 21.
Qc2 Qe7 22. Bf4 Qc5+ 23. Qxc5 Rxc5 24. Bd3 f5 25. Be3 Ra5 26. b4 Ra3 27. Bc4+
Kh8 28. Bb3 Rf8 29. g4 Bc8 30. gxf5 h5 31. Rac1 Ra6 32. Rf4 Ng5 33. Kg2 Bxf5 34.
Rc5 Bh3+ 35. Kh1 Rxf4 36. Bxf4 Nh7 37. Bc7 Nf6 38. a4 Bg4 39. a5 Nd7 40. Bc4
Nxc5 41. bxc5 Bc8 42. h4 g6 43. Kg2 Kg7 44. Be5+ Kh7 45. Bc3 g5 46. Bd3+ Kh6 47.
Bd2 Kg7 48. hxg5 h4 49. Bc3+ Kf8 50. g6 Rxa5 51. g7+ Ke7 52. g8=Q 1-0

[Event "FIDE World Rapid Team"]
[Site "London ENG"]
[Date "2025.06.11"]
[Round "1.2"]
[White "Kurbanbaev, Zalkar"]
[Black "Munkhdalai, Amilal"]
[Result "1-0"]
[BlackTitle "IM"]
[WhiteElo "2119"]
[BlackElo "2385"]
[WhiteTeam "Youth KG"]
[BlackTeam "Mongolia-A"]
[WhiteFideId "13808524"]
[BlackFideId "4903250"]
[EventDate "2025.06.11"]
[EventType "team"]

1. e4 c5 2. Nf3 Nc6 3. d4 cxd4 4. Nxd4 Qc7 5. Nc3 e6 6. g3 a6 7. Bg2 b5 8. O-O
Bb7 9. Re1 Nxd4 10. Qxd4 Ne7 11. Bf4 Qd8 12. a4 Nc6 13. Qd3 b4 14. Nd5 d6 15.
Qb3 a5 16. Bf1 Be7 17. Nxe7 Qxe7 18. Rad1 e5 19. Be3 O-O 20. Bc4 Nb8 21. Qd3 Rd8
22. Bb6 Rd7 23. c3 Nc6 24. Bb5 Rc8 25. Rc1 bxc3 26. Rxc3 d5 27. exd5 Nb4 28.
Rxc8+ Bxc8 29. Qc4 Bb7 30. Bxd7 Qxd7 31. Bxa5 Nxd5 32. Qb5 Qe7 33. Rd1 Nf6 34.
Bd8 Qe6 35. Bxf6 gxf6 36. Qxb7 e4 37. Qd7 Qe5 38. Qg4+ 1-0

[Event "FIDE World Rapid Team"]
[Site "London ENG"]
[Date "2025.06.11"]
[Round "1.3"]
[White "Munkhzul, Turmunkh"]
[Black "Beknazarov, Emir"]
[Result "1/2-1/2"]
[WhiteTitle "WGM"]
[WhiteElo "2236"]
[BlackElo "1878"]
[WhiteTeam "Mongolia-A"]
[BlackTeam "Youth KG"]
[WhiteFideId "4901878"]
[BlackFideId "13816063"]
[EventDate "2025.06.11"]
[EventType "team"]

1. e4 c6 2. d4 d5 3. e5 Bf5 4. h4 h5 5. c4 e6 6. Nc3 Nd7 7. cxd5 cxd5 8. Bd3
Bxd3 9. Qxd3 Ne7 10. Bg5 Qb6 11. Nge2 Nc6 12. O-O Be7 13. Rac1 O-O 14. Rfd1 Bxg5
15. hxg5 g6 16. Nf4 Ne7 17. Nb5 Nf5 18. b3 Rac8 19. Nc3 Kg7 20. Nce2 Rc6 21.
Rxc6 bxc6 22. Ng3 Nxg3 23. Qxg3 c5 24. dxc5 Qxc5 25. Re1 Rc8 26. Qh3 Qb4 27. Nd3
Qd4 28. Nc1 Qd2 29. Nd3 Qxg5 30. Qe3 Qxe3 31. Rxe3 Rc2 32. Nb4 Rc1+ 33. Kh2 a5
34. Nd3 Rc2 35. a4 Rc3 36. b4 axb4 37. Nxb4 Rxe3 38. fxe3 Nxe5 39. a5 Nc4 40. a6
Nb6 41. Nc6 Kf6 42. Kg3 e5 43. Kf3 Ke6 44. Nd8+ Ke7 45. Nc6+ Kd6 46. Nd8 f6 47.
Nb7+ Ke7 48. Nc5 Nc8 49. Nb7 Na7 50. e4 d4 51. Ke2 h4 52. Nc5 g5 53. Kf3 Kd6 54.
Nd3 Kc6 55. Nb4+ Kb5 56. Nd5 Kxa6 57. Nxf6 Kb5 58. Nh7 Kc4 59. Nxg5 Nc6 60. Ke2
Kc3 61. Nf3 Kc2 62. Ne1+ Kc3 63. Nf3 d3+ 64. Kd1 Nd4 65. Nxe5 Nc2 66. Ng4 Kd4
67. e5 Kd5 68. Kd2 Nb4 69. Kc3 Nc6 70. Kxd3 Nxe5+ 71. Nxe5 Kxe5 72. Ke3 Kf5 73.
Kf3 Kg5 74. Kf2 Kf4 75. Kg1 Kg3 76. Kf1 h3 77. gxh3 Kxh3 1/2-1/2

[Event "FIDE World Rapid Team"]
[Site "London ENG"]
[Date "2025.06.11"]
[Round "1.4"]
[White "Muradylov, Baiel"]
[Black "Gan-Od, Sereenen"]
[Result "0-1"]
[BlackTitle "FM"]
[WhiteElo "1864"]
[BlackElo "2320"]
[WhiteTeam "Youth KG"]
[BlackTeam "Mongolia-A"]
[WhiteFideId "13821580"]
[BlackFideId "4901304"]
[EventDate "2025.06.11"]
[EventType "team"]

1. d4 Nf6 2. Nf3 g6 3. g3 Bg7 4. Bg2 O-O 5. O-O c5 6. c3 Na6 7. Re1 d5 8. dxc5
Nxc5 9. Be3 b6 10. Nbd2 Bb7 11. Nb3 Rc8 12. h3 Nfe4 13. Bd4 f6 14. Nfd2 e5 15.
Bxc5 Nxc5 16. Nxc5 bxc5 17. c4 e4 18. cxd5 f5 19. Qc2 Bxd5 20. Nc4 Qe7 21. e3
Qe6 22. Bf1 Rfd8 23. Rac1 Bf6 24. b3 Kg7 25. Red1 g5 26. Be2 h5 27. Kh2 h4 28.
gxh4 gxh4 29. Rg1+ Kh6 30. Rg2 Rg8 31. Rcg1 Rxg2+ 32. Rxg2 Rd8 33. Rg1 Bc6 34.
Rd1 Rd5 35. Rxd5 Bxd5 36. Qd1 Bd8 37. f4 exf3 38. Bxf3 Bc7+ 39. Kg2 Qg6+ 40. Kf1
Be6 41. Qe2 Qg7 42. Qb2 Bxc4+ 0-1

[Event "FIDE World Rapid Team"]
[Site "London ENG"]
[Date "2025.06.11"]
[Round "1.5"]
[White "Uuriintuya, Uurtsaikh"]
[Black "Keneshbekov, Elim"]
[Result "1/2-1/2"]
[WhiteTitle "WGM"]
[BlackTitle "CM"]
[WhiteElo "2141"]
[BlackElo "1883"]
[WhiteTeam "Mongolia-A"]
[BlackTeam "Youth KG"]
[WhiteFideId "4900227"]
[BlackFideId "13816772"]
[EventDate "2025.06.11"]
[EventType "team"]

1. e4 e6 2. d4 d5 3. Nd2 h6 4. Ngf3 Nf6 5. e5 Nfd7 6. Bd3 c5 7. c3 Nc6 8. O-O g5
9. Bb5 Qb6 10. Bxc6 Qxc6 11. Re1 Be7 12. Nf1 b6 13. h3 Bb7 14. Ng3 O-O-O 15. Nh5
Rdg8 16. Nh2 f5 17. exf6 Nxf6 18. Nxf6 Bxf6 19. Ng4 Bg7 20. Ne5 Bxe5 21. Rxe5
Rf8 22. Qg4 Rf6 23. Be3 Rhf8 24. Qh5 Ba6 25. h4 gxh4 26. Qxh4 Bd3 27. Bxh6 R8f7
28. Be3 Rg6 29. Rh5 Be4 30. Rh8+ Kb7 31. g3 Qc7 32. Rh5 Rf3 33. Kh2 Rgf6 34. Re1
Rxf2+ 35. Bxf2 Rxf2+ 36. Kh3 Bg2+ 37. Kh2 Be4+ 38. Kh3 Bg2+ 39. Kh2 Be4+ 40. Kh3
Bg2+ 1/2-1/2

[Event "FIDE World Rapid Team"]
[Site "London ENG"]
[Date "2025.06.11"]
[Round "1.6"]
[White "Sezdbekova, Aizhan"]
[Black "Han, Qixuan"]
[Result "1-0"]
[WhiteTitle "WCM"]
[WhiteElo "1884"]
[BlackElo "1896"]
[WhiteTeam "Youth KG"]
[BlackTeam "Mongolia-A"]
[WhiteFideId "13803590"]
[BlackFideId "496944"]
[EventDate "2025.06.11"]
[EventType "team"]

1. e4 c5 2. Nf3 d6 3. c3 Nf6 4. Bd3 g6 5. Bc2 Bg7 6. d4 cxd4 7. cxd4 Nc6 8. Nc3
O-O 9. h3 e5 10. d5 Nb4 11. Bb3 Nd7 12. a3 Na6 13. Bc2 f5 14. b4 fxe4 15. Nxe4
Nf6 16. Bg5 Qc7 17. Bxf6 Bxf6 18. Rc1 Qe7 19. O-O Bf5 20. Re1 Bg7 21. b5 Nc7 22.
a4 Rad8 23. Bb1 Qf7 24. Qd2 Rd7 25. Ba2 Bxh3 26. Nfg5 Bh6 27. gxh3 Qf5 28. Qe3
Ne8 29. Qg3 Nf6 30. Nxf6+ Rxf6 31. Ne4 Rf8 32. Rc2 Bf4 33. Qg4 Qf7 34. Nf6+ Qxf6
35. Qxd7 Rf7 36. Qe6 Qg5+ 37. Qg4 Qf6 38. Ree2 h5 39. Qg2 Kh7 40. Rc4 g5 41.
Bb1+ Kh6 42. Qe4 Rg7 43. Rc8 g4 44. Rh8+ Kg5 45. hxg4 Kxg4 46. Kf1 Kh4 47. Qh1+
Bh2 48. Qxh2+ Kg4 49. Qxh5+ Kf4 50. Re4# 1-0

[Event "FIDE World Rapid Team"]
[Site "London ENG"]
[Date "2025.06.11"]
[Round "1.1"]
[White "Gurevich, Artjom"]
[Black "Hansen, Eric"]
[Result "0-1"]
[BlackTitle "GM"]
[WhiteElo "2183"]
[BlackElo "2609"]
[WhiteTeam "Equity Bank, Kenya"]
[BlackTeam "ChessbrahTV"]
[WhiteFideId "2603870"]
[BlackFideId "2606771"]
[EventDate "2025.06.11"]
[EventType "team"]

1. d4 Nf6 2. Nf3 g6 3. c4 Bg7 4. Nc3 d5 5. Bg5 Ne4 6. cxd5 Nxg5 7. Nxg5 e6 8.
Qd2 h6 9. Nf3 exd5 10. e3 O-O 11. Bd3 Nc6 12. h3 a5 13. O-O Ne7 14. Ne5 c5 15.
Rac1 cxd4 16. exd4 Nc6 17. Nxc6 bxc6 18. Ne2 Qd6 19. Rfd1 Bd7 20. b3 Rfb8 21.
Bc2 Rb4 22. Qc3 Re8 23. Qd2 h5 24. Bd3 a4 25. Rc5 Rxd4 26. Nxd4 Qxc5 27. Bf1
axb3 28. axb3 Rb8 29. Qf4 Rb4 30. Qc7 Rxd4 31. Rxd4 Bxd4 32. Qd8+ Kg7 33. Qxd7
Qc2 0-1

[Event "FIDE World Rapid Team"]
[Site "London ENG"]
[Date "2025.06.11"]
[Round "1.2"]
[White "Ragnarsson, Dagur"]
[Black "Andiwoh, Moses"]
[Result "1/2-1/2"]
[WhiteTitle "IM"]
[WhiteElo "2349"]
[BlackElo "1796"]
[WhiteTeam "ChessbrahTV"]
[BlackTeam "Equity Bank, Kenya"]
[WhiteFideId "2304058"]
[BlackFideId "10801502"]
[EventDate "2025.06.11"]
[EventType "team"]

1. Nf3 d6 2. d4 Nd7 3. c4 e5 4. Nc3 Ngf6 5. g3 c6 6. Bg2 Be7 7. O-O O-O 8. e4
Qc7 9. h3 Re8 10. Be3 Nf8 11. Rc1 Ng6 12. b4 Be6 13. d5 Bd7 14. c5 a5 15. cxd6
Bxd6 16. Nb5 Qb8 17. dxc6 Bxc6 18. Nxd6 Rd8 19. Qb3 Rxd6 20. Ng5 Qe8 21. Bc5
Rdd8 22. Bb6 Rdc8 23. bxa5 h6 24. Nf3 Nxe4 25. Rfe1 Nf6 26. Qb2 Nd7 27. Re3 Ra6
28. Rce1 Rca8 29. a3 Qe7 30. Nxe5 Ngxe5 31. Rxe5 Nxe5 32. Rxe5 Qf6 33. Bd4 Qd6
34. Bc3 Bxg2 35. Kxg2 Qc6+ 36. Kh2 Rc8 37. Re3 Qg6 38. Qxb7 Rac6 39. Qb2 Qf5 40.
Qd2 Rxc3 41. Rxc3 Rxc3 42. Qxc3 Qxf2+ 43. Kh1 Qf1+ 1/2-1/2

[Event "FIDE World Rapid Team"]
[Site "London ENG"]
[Date "2025.06.11"]
[Round "1.3"]
[White "Mutisya, Jully"]
[Black "Delaney, Killian"]
[Result "0-1"]
[WhiteTitle "WCM"]
[BlackTitle "FM"]
[WhiteElo "1822"]
[BlackElo "2275"]
[WhiteTeam "Equity Bank, Kenya"]
[BlackTeam "ChessbrahTV"]
[WhiteFideId "10814922"]
[BlackFideId "2501570"]
[EventDate "2025.06.11"]
[EventType "team"]

1. d4 d5 2. Bf4 c5 3. e3 cxd4 4. exd4 Nc6 5. c3 Bf5 6. Nf3 e6 7. Nbd2 f6 8. Nh4
g5 9. Qh5+ Kd7 10. Nxf5 exf5 11. Bg3 Qe8+ 12. Be2 Qxh5 13. Bxh5 f4 14. O-O-O Bd6
15. Bf7 Nge7 16. Rde1 Raf8 17. Bh5 f5 18. Nf3 h6 19. Bh4 Rhg8 20. g3 gxh4 21.
Nxh4 fxg3 22. hxg3 f4 23. g4 f3 24. Kc2 Rf4 25. Re3 Rgf8 26. Rh3 b5 27. Nxf3 b4
28. Ne5+ Bxe5 29. dxe5 Rxf2+ 30. Kb3 bxc3 31. bxc3 Rb8+ 32. Ka3 Na5 33. e6+ Kd6
34. c4 Nxc4+ 35. Ka4 Rxa2+ 0-1

[Event "FIDE World Rapid Team"]
[Site "London ENG"]
[Date "2025.06.11"]
[Round "1.4"]
[White "Vincent, Trevor"]
[Black "Kabugu, Njagi"]
[Result "1-0"]
[WhiteElo "2226"]
[BlackElo "1682"]
[WhiteTeam "ChessbrahTV"]
[BlackTeam "Equity Bank, Kenya"]
[WhiteFideId "2605600"]
[BlackFideId "10806075"]
[EventDate "2025.06.11"]
[EventType "team"]

1. Nf3 e6 2. c4 Nf6 3. d4 b6 4. g3 Bb7 5. Bg2 Be7 6. O-O O-O 7. Nc3 d5 8. Ne5 c6
9. Qa4 Nfd7 10. Nf3 Nf6 11. Rd1 Nbd7 12. Bf4 Nh5 13. Bd2 a6 14. Qb3 Rc8 15. c5
b5 16. e4 dxe4 17. Nxe4 Nhf6 18. Qc2 Nxe4 19. Qxe4 Nf6 20. Qc2 Nd5 21. a4 Qc7
22. Re1 b4 23. a5 Bf6 24. Bg5 Qe7 25. Bxf6 gxf6 26. Nd2 Kh8 27. Nc4 Rg8 28. Nd6
Rcd8 29. Re4 Rxd6 30. cxd6 Qxd6 31. Qc5 Qxc5 32. dxc5 f5 33. Rc4 Rg4 34. Rac1
Rg6 35. Rh4 Kg7 36. Bxd5 cxd5 37. c6 Bc8 38. Rxb4 e5 39. Rb8 Be6 40. c7 d4 41.
Re8 Bd7 42. Rxe5 Rd6 43. Re7 d3 44. Rxd7 Rxd7 45. c8=Q 1-0

[Event "FIDE World Rapid Team"]
[Site "London ENG"]
[Date "2025.06.11"]
[Round "1.5"]
[White "Ongono, Victor"]
[Black "Garcia Martin, Marta"]
[Result "0-1"]
[BlackTitle "IM"]
[WhiteElo "1560"]
[BlackElo "2339"]
[WhiteTeam "Equity Bank, Kenya"]
[BlackTeam "ChessbrahTV"]
[WhiteFideId "10805214"]
[BlackFideId "32084030"]
[EventDate "2025.06.11"]
[EventType "team"]

1. e4 c5 2. Nf3 e6 3. Nc3 a6 4. d4 cxd4 5. Nxd4 Qc7 6. Be2 Bb4 7. Bd2 Nf6 8. Bd3
Bc5 9. Nb3 Ba7 10. Qf3 d6 11. O-O Nbd7 12. Be3 Ne5 13. Qe2 Bxe3 14. Qxe3 b5 15.
Qe2 Bb7 16. f4 Nc4 17. Rab1 O-O 18. Nd2 Nxb2 19. e5 Qxc3 20. exf6 Qxf6 21. Ne4
Bxe4 22. Bxe4 d5 23. Bf3 Na4 24. Rb3 Qxf4 25. Kh1 Qc4 26. Qd1 Rac8 27. Rf2 Nc3
28. Bh5 Nxd1 29. Bxd1 Qd4 30. Rf1 Rc3 31. Rb1 e5 32. Rb2 e4 33. Be2 Re3 34. Bg4
Qxb2 0-1

[Event "FIDE World Rapid Team"]
[Site "London ENG"]
[Date "2025.06.11"]
[Round "1.6"]
[White "Stojsin, Nikola"]
[Black "Kuka Kyle"]
[Result "1-0"]
[WhiteElo "1716"]
[BlackElo "1892"]
[WhiteTeam "ChessbrahTV"]
[BlackTeam "Equity Bank, Kenya"]
[WhiteFideId "39923894"]
[BlackFideId "10831533"]
[EventDate "2025.06.11"]
[EventType "team"]

1. e4 c6 2. d4 d5 3. e5 c5 4. dxc5 Nc6 5. a3 Nxe5 6. b4 Nf6 7. Bb2 Ng6 8. Nf3
Bg4 9. Be2 e6 10. Nbd2 Be7 11. h3 Bxf3 12. Nxf3 O-O 13. O-O Nf4 14. Bd3 Nxd3 15.
cxd3 Rc8 16. Rc1 a5 17. d4 axb4 18. axb4 b6 19. Ne5 Nd7 20. f4 Nxe5 21. fxe5
bxc5 22. dxc5 Qd7 23. Qd3 Rfd8 24. Bd4 Qa4 25. b5 Rb8 26. b6 Qc6 27. Qc3 Rdc8
28. Rc2 Qb5 29. c6 Bb4 30. Qf3 Rxc6 31. Qxf7+ Kh8 32. Rxc6 Qxc6 33. Qc7 Qxc7 34.
bxc7 Bc3 35. Bb6 Bxe5 36. Rf7 Bf6 37. Rd7 Bd8 1-0

[Event "FIDE World Rapid Team"]
[Site "London ENG"]
[Date "2025.06.11"]
[Round "2.1"]
[White "Mamedyarov, Shakhriyar"]
[Black "Firouzja, Alireza"]
[Result "0-1"]
[WhiteTitle "GM"]
[BlackTitle "GM"]
[WhiteElo "2746"]
[BlackElo "2766"]
[WhiteTeam "Generation XYZA"]
[BlackTeam "WR Chess Team"]
[WhiteFideId "13401319"]
[BlackFideId "12573981"]
[EventDate "2025.06.11"]
[EventType "team"]

1. c4 g6 2. d4 Bg7 3. g3 Nf6 4. Bg2 O-O 5. Nc3 d6 6. Nf3 c5 7. O-O Nc6 8. h3
cxd4 9. Nxd4 Nxd4 10. Qxd4 Be6 11. Qh4 Rc8 12. b3 Rc5 13. Qf4 Qc8 14. h4 b5 15.
Qd2 bxc4 16. b4 Rh5 17. Bb2 Bh3 18. Bf3 Bxf1 19. Bxh5 gxh5 20. Rxf1 Qh3 21. Rd1
Ng4 22. e3 Qh2+ 23. Kf1 Qh1+ 24. Ke2 Qg2 25. Rf1 e6 26. Nb5 Bxb2 27. Qxb2 Nxe3
28. Rc1 Ng4 29. Qd4 e5 0-1

[Event "FIDE World Rapid Team"]
[Site "London ENG"]
[Date "2025.06.11"]
[Round "2.2"]
[White "Vachier-Lagrave, Maxime"]
[Black "Gurel, Ediz"]
[Result "0-1"]
[WhiteTitle "GM"]
[BlackTitle "GM"]
[WhiteElo "2736"]
[BlackElo "2636"]
[WhiteTeam "WR Chess Team"]
[BlackTeam "Generation XYZA"]
[WhiteFideId "623539"]
[BlackFideId "44507356"]
[EventDate "2025.06.11"]
[EventType "team"]

1. e4 c5 2. Nf3 e6 3. c3 Nf6 4. e5 Nd5 5. a3 d6 6. d4 cxd4 7. c4 Nc7 8. exd6
Bxd6 9. Qxd4 e5 10. Qc3 Nc6 11. Be3 O-O 12. Nbd2 Kh8 13. O-O-O f5 14. Nb3 Qf6
15. Bg5 Qe6 16. c5 Be7 17. Bc4 Bxg5+ 18. Nxg5 Qe7 19. h4 Ne6 20. Bxe6 Bxe6 21.
Rd6 Bg8 22. Rhd1 Rad8 23. Kb1 h6 24. Nf3 Bxb3 25. Qxb3 e4 26. Nd4 Nxd4 27. R1xd4
Rc8 28. g3 Rc7 29. Qc3 Kh7 30. b4 Qe5 31. Qe3 b6 32. R4d5 Qe8 33. cxb6 axb6 34.
Qxb6 Rc3 35. h5 Qxh5 36. Rc6 Qh1+ 37. Ka2 e3 38. Rxc3 Qxd5+ 39. Kb2 e2 40. Qe3
Qd1 41. Rc1 Rd8 42. Qe6 Rd2+ 43. Kb1 e1=Q 44. Qxf5+ Kg8 45. Qc8+ Rd8 46. Qxd8+
Qxd8 47. Rxe1 Qd3+ 48. Kc1 Qxa3+ 49. Kd2 Qxb4+ 50. Ke2 Kf7 51. Kf1 Kf6 52. Re3
Qb7 53. Kg1 Qd5 54. Kh2 h5 55. Kg1 g5 56. Kh2 Kf5 57. Kg1 Qd4 58. Kg2 Qc5 59.
Kg1 Qc6 60. Kh2 Kg4 61. Ra3 Qc5 62. Re3 Qxe3 0-1

[Event "FIDE World Rapid Team"]
[Site "London ENG"]
[Date "2025.06.11"]
[Round "2.4"]
[White "Duda, Jan-Krzysztof"]
[Black "Salimova, Nurgyul"]
[Result "1-0"]
[WhiteTitle "GM"]
[BlackTitle "IM"]
[WhiteElo "2725"]
[BlackElo "2385"]
[WhiteTeam "WR Chess Team"]
[BlackTeam "Generation XYZA"]
[WhiteFideId "1170546"]
[BlackFideId "2915138"]
[EventDate "2025.06.11"]
[EventType "team"]

1. e4 e5 2. Nf3 Nc6 3. Bb5 a6 4. Ba4 Nf6 5. d3 b5 6. Bb3 Be7 7. a4 b4 8. a5 d6
9. O-O O-O 10. h3 Rb8 11. Be3 Nd7 12. Nbd2 Bf6 13. c3 Nc5 14. Bxc5 dxc5 15. Bc4
Na7 16. Qe2 Nb5 17. Rfc1 Nd6 18. Bd5 bxc3 19. bxc3 Rb2 20. Qe3 Nf5 21. Qxc5 Be7
22. Qa7 Nh4 23. Ra2 Rxa2 24. Bxa2 Qxd3 25. Qxc7 Bg5 26. Bxf7+ Kh8 27. Bc4 Nxf3+
28. Nxf3 Qxe4 29. Nxe5 Qf4 30. Rf1 Bxh3 31. gxh3 1-0

[Event "FIDE World Rapid Team"]
[Site "London ENG"]
[Date "2025.06.11"]
[Round "2.5"]
[White "Kuru, Atilla"]
[Black "Hou, Yifan"]
[Result "0-1"]
[WhiteTitle "IM"]
[BlackTitle "GM"]
[WhiteElo "2428"]
[BlackElo "2633"]
[WhiteTeam "Generation XYZA"]
[BlackTeam "WR Chess Team"]
[WhiteFideId "51607948"]
[BlackFideId "8602980"]
[EventDate "2025.06.11"]
[EventType "team"]

1. e4 c5 2. Nc3 e6 3. g3 Nc6 4. Nge2 Nf6 5. Bg2 d6 6. d4 cxd4 7. Nxd4 Bd7 8.
Ndb5 Qb8 9. Bf4 Ne5 10. a4 a6 11. Nd4 Qc7 12. O-O Be7 13. a5 Nc4 14. Bc1 Nxa5
15. g4 h6 16. h4 Nc6 17. g5 hxg5 18. hxg5 Nxd4 19. Qxd4 d5 20. Re1 Bc5 21. Bf4
Qxf4 22. Qxc5 Rc8 23. Qb6 Nxe4 24. Rxe4 dxe4 25. Qxb7 e3 26. f3 Rxc3 27. Qb8+
Qxb8 0-1